Associez chaque Pokémon à sa génération - Clic Quiz - Statistiques

Statistiques générales
  • Ce quiz a été pris 58 fois
  • Le résultat moyen est 14 sur 18
Statistiques - réponses
Hint Réponse % Correct
Kadabra 1ère Génération
93%
Kangourex 1ère Génération
88%
Ferdeter 9ème Génération
81%
Ponchien 5ème Génération
79%
Gardevoir 3ème Génération
77%
Posipi 3ème Génération
77%
Archéodong 4ème Génération
77%
Passerouge 6ème Génération
77%
Exagide 6ème Génération
77%
Caninos de Hisui 8ème Génération
77%
Tyranocif 2ème Génération
74%
Nigosier 8ème Génération
74%
Flâmigator 9ème Génération
74%
Qulbutoké 2ème Génération
72%
Noacier 5ème Génération
70%
Météno 7ème Génération
70%
Mimiqui 7ème Génération
67%
Mime Jr. 4ème Génération
53%
Aucun quiz correspondant
Distribution des résultats
% des personnes avec chaque résultat
Percentile par nombre de réponses
Votre historique - résultats
Vous n’avez pas pris ce quiz